00297nam a2200109 a 4500008004100000020001500041050002000056100001900076245003900095260004400134350000900178120416s1998 ||||||||||||||||| || u a8120313135 aQA 76.8.W42 Cha aChapman, Davis10aWeb development with visul basic 5 aNew DelhibPrentice-Hall of Indiac1998 a0.00